| 000 | 003310000a22001450004500 | ||
|---|---|---|---|
| 003 | MACL | ||
| 040 | _aMACL | ||
| 090 |
_c6438 _d6437 |
||
| 100 | _aIyengar, K R Srinivasa | ||
| 245 |
_aAurobindo _bA Biography and a History |
||
| 260 |
_bSri Aurobindo Ashram Trust _c1985 |
||
| 350 | _a150 | ||
| 650 | _aBiography | ||
| 942 |
_cBOOK _k920 |
||
| 999 |
_c6390 _d6390 |
||